Ram c/o Anandhi (Record no. 136207)

MARC details
000 -LEADER
fixed length control field 00492nam a22001817a 4500
003 - CONTROL NUMBER IDENTIFIER
control field OSt
005 - DATE AND TIME OF LATEST TRANSACTION
control field 20240812094022.0
008 - FIXED-LENGTH DATA ELEMENTS--GENERAL INFORMATION
fixed length control field 240812b |||||||| |||| 00| 0 eng d
020 ## - INTERNATIONAL STANDARD BOOK NUMBER
International Standard Book Number 978-81-264-7556-8
040 ## - CATALOGING SOURCE
Transcribing agency SBCL
082 ## - DEWEY DECIMAL CLASSIFICATION NUMBER
Classification number 894.8123
Item number DHA-R
100 ## - MAIN ENTRY--PERSONAL NAME
Personal name Dharmajan,Akhil P
245 ## - TITLE STATEMENT
Title Ram c/o Anandhi
260 ## - PUBLICATION, DISTRIBUTION, ETC.
Place of publication, distribution, etc. Kottayam
Name of publisher, distributor, etc. DC Books
Date of publication, distribution, etc. 2024
300 ## - PHYSICAL DESCRIPTION
Extent 320p.
650 ## - SUBJECT ADDED ENTRY--TOPICAL TERM
Topical term or geographic name entry element Literatures of other languages
942 ## - ADDED ENTRY ELEMENTS (KOHA)
Koha item type BOOK
650 ## - SUBJECT ADDED ENTRY--TOPICAL TERM
Source of heading or term Literature
Form subdivision Altaic, Uralic, Hyperborean & Dravidian
Holdings
Withdrawn status Lost status Source of classification or shelving scheme Damaged status Not for loan Home library Current library Date acquired Total Checkouts Full call number Barcode Shelving location Date last seen Date last checked out Cost, replacement price Price effective from Koha item type Total Renewals Date due
    Dewey Decimal Classification     SB LIBRARY SB LIBRARY 12/08/2024 24 894.8123 DHA-R 142351 GENERAL STACK 03/03/2026 19/02/2026 399.00 12/08/2024 BOOK    
    Dewey Decimal Classification     SB LIBRARY SB LIBRARY 12/08/2024 23 894.8123 DHA-R 142360 GENERAL STACK 15/09/2025 15/09/2025 399.00 12/08/2024 BOOK 1 13/10/2025

Powered by Koha